| 000 | 00717nam a2200205 i 4500 | ||
|---|---|---|---|
| 001 | 186715 | ||
| 003 | ES-MaACL | ||
| 005 | 20230906222729.0 | ||
| 008 | 170208s1909 sp |||| | spa d | ||
| 080 | _a821.134.2-32"19" | ||
| 100 | 1 |
_aHoyos y Vinent, Antonio de, _dca. 1885-1940 _964441 |
|
| 245 | 1 | 0 |
_aMandrágora : _bnovela / _cde Antonio Hoyos y Vinent ; ilustraciones de Fernández-Mota. |
| 260 |
_aMadrid : _bLos Contemporáneos, _c1909. |
||
| 300 |
_a[20] p. : _bil. ; _c28 cm. |
||
| 490 | 1 |
_aLos contemporáneos ; _vaño 1, n. 38 |
|
| 700 | 1 |
_aMota, F. ( _dfl. 1901) _949947 |
|
| 830 | 0 |
_aLos contemporáneos ; _vaño 1, n. 38 _9185715 |
|
| 852 |
_aES-MaACL _jR-2597(11) |
||
| 999 |
_c186715 _d186715 |
||